000 01739nam a22003857i 4500
003 URS
005 20220117094559.0
008 160928b xxu||||| |||| 00| 0 eng d
010 _a 2004040335
020 _a0072936533 (alk. paper)
035 _a(OCoLC)ocm54881994
040 _aDLC
_erda
_cDLC
_dYDX
_dDLC
_beng
050 0 0 _aPE1479.B87
_bS1 2005
100 1 _aSabin, William A.
245 1 4 _aThe Gregg reference manual :
_ba manual of style, grammar, usage, and formatting /
_cWilliam A. Sabin.
250 _a10th ed.
264 1 _aBoston :
_bMcGraw-Hill,
_c[2005]
264 4 _c©2005
300 _axvi, 688 pages ;
_c24cm
336 _atext
_btxt
_2rdacontent
337 _aunmediated
_bn
_2rdamedia
338 _avolume
_bnc
_2rdacarrier
500 _aIncludes index.
650 0 _aEnglish language
_xBusiness English
_vHandbooks, manuals, etc.
650 0 _aEnglish language
_xGrammar
_vHandbooks, manuals, etc.
650 0 _aEnglish language
_xTranscription
_vHandbooks, manuals, etc.
650 0 _aBusiness writing
_vHandbooks, manuals, etc.
856 4 2 _3Publisher description
_uhttp://www.loc.gov/catdir/description/mh051/2004040335.html
856 4 2 _3Contributor biographical information
_uhttp://www.loc.gov/catdir/bios/mh042/2004040335.html
856 4 1 _3Table of contents
_uhttp://www.loc.gov/catdir/toc/mh041/2004040335.html
906 _a7
_bcbc
_corignew
_d1
_eocip
_f20
_gy-gencatlg
942 _2lcc
_cFR
999 _c6650
_d6650